000 00771cab a2200253 4500
001 WB3407-30
008 090401t1998 xxu||||| |||| 00| 0 eng d
035 _a(Sirsi) u84352
041 _aeng
245 _aReinventing houses
260 _c1998
350 _a0
490 _aBuilding Design
_v13 February 1998, 6(1)
520 _aInteger, a collaboration of bodies including the BRE are to build 500 `intelligent` and green homes over the next two years in an effort to reinvent the house.
650 _aENERGY EFFICIENT HOUSING
650 _aFUTURE HOMES
650 _aGREEN HOUSING
650 _aHOUSING DEVELOPMENT
650 _aINTEGER PROJECT
650 _aINTELLIGENT HOUSES
690 _aHOUSING-DEVELOPMENT
942 _n0
948 _c19/02/1998
999 _c53013
_d53013